| 000 | 004810000a22001930004500 | ||
|---|---|---|---|
| 001 | 002130 | ||
| 003 | MACL | ||
| 005 | 20151025133616.0 | ||
| 008 | 151025b xxu||||| |||| 00| 0 eng d | ||
| 040 |
_aMACL _cMACL |
||
| 041 | _aEnglish | ||
| 082 | _a928.54/RAV | ||
| 100 |
_aRaval, R.L _916733 |
||
| 245 |
_aMahipatram _bMakers of Indian Literature _cR.L Raval |
||
| 260 |
_aMumbai _c2002 _bSahtitya Akademi, |
||
| 350 | _a25 | ||
| 650 |
_aBiography _916734 |
||
| 942 |
_k929 _cBK _2ddc |
||
| 999 |
_c14046 _d14046 |
||